Every Team Relegated from Football League + National League 2010-2025 - Statistics

General Stats
  • This quiz has been taken 18 times
    7 since last reset
  • The average score is 175 of 303
Answer Stats
Season Division Club % Correct
2021/22 League One AFC Wimbledon
100%
2012/13 League Two Barnet
100%
2017/18 League Two Barnet
100%
2010/11 Premier League Birmingham City
100%
2023/24 Championship Birmingham City
100%
2011/12 Premier League Blackburn Rovers
100%
2016/17 Championship Blackburn Rovers
100%
2010/11 Premier League Blackpool
100%
2014/15 Championship Blackpool
100%
2015/16 League One Blackpool
100%
2022/23 Championship Blackpool
100%
2011/12 Premier League Bolton Wanderers
100%
2015/16 Championship Bolton Wanderers
100%
2018/19 Championship Bolton Wanderers
100%
2019/20 League One Bolton Wanderers
100%
2019/20 Premier League Bournemouth
100%
2014/15 Premier League Burnley
100%
2021/22 Premier League Burnley
100%
2023/24 Premier League Burnley
100%
2017/18 National League Chester
100%
2011/12 League One Chesterfield
100%
2016/17 League One Chesterfield
100%
2017/18 League Two Chesterfield
100%
2024/25 League One Crawley
100%
2014/15 League One Crawley Town
100%
2022/23 Premier League Leeds United
100%
2024/25 Premier League Leicester
100%
2022/23 Premier League Leicester City
100%
2015/16 Championship Milton Keynes Dons
100%
2017/18 League One Milton Keynes Dons
100%
2022/23 League One Milton Keynes Dons
100%
2017/18 League One Northampton Town
100%
2020/21 League One Northampton Town
100%
2013/14 Premier League Norwich City
100%
2015/16 Premier League Norwich City
100%
2019/20 Premier League Norwich City
100%
2021/22 Premier League Norwich City
100%
2016/17 League One Port Vale
100%
2023/24 League One Port Vale
100%
2024/25 League One Shrewsbury
100%
2013/14 League One Shrewsbury Town
100%
2022/23 Premier League Southampton
100%
2024/25 Premier League Southampton
100%
2013/14 League One Stevenage
100%
2010/11 League Two Stockport County
100%
2012/13 Conference National Stockport County
100%
2019/20 Premier League Watford
100%
2021/22 Premier League Watford
100%
2017/18 Premier League West Bromwich Albion
100%
2020/21 Premier League West Bromwich Albion
100%
2011/12 Premier League Wolverhampton Wanderers
100%
2012/13 Championship Wolverhampton Wanderers
100%
2011/12 League One Wycombe Wanderers
100%
2020/21 Championship Wycombe Wanderers
100%
2015/16 Premier League Aston Villa
75%
2013/14 Championship Barnsley
75%
2017/18 Championship Barnsley
75%
2021/22 Championship Barnsley
75%
2018/19 League One Bradford City
75%
2012/13 Championship Bristol City
75%
2010/11 League One Bristol Rovers
75%
2013/14 League Two Bristol Rovers
75%
2020/21 League One Bristol Rovers
75%
2024/25 League One Bristol Rovers
75%
2017/18 Championship Burton Albion
75%
2012/13 League One Bury
75%
2017/18 League One Bury
75%
2024/25 Championship Cardiff
75%
2013/14 Premier League Cardiff City
75%
2018/19 Premier League Cardiff City
75%
2024/25 League Two Carlisle
75%
2013/14 League One Carlisle United
75%
2023/24 League One Carlisle United
75%
2011/12 Championship Coventry City
75%
2016/17 League One Coventry City
75%
2015/16 League One Crewe Alexandra
75%
2021/22 League One Crewe Alexandra
75%
2010/11 League One Dagenham & Redbridge
75%
2015/16 League Two Dagenham & Redbridge
75%
2024/25 National League Dagenham and Redbridge
75%
2021/22 Championship Derby County
75%
2011/12 League One Exeter City
75%
2022/23 League One Forest Green Rovers
75%
2023/24 League Two Forest Green Rovers
75%
2013/14 Premier League Fulham
75%
2018/19 Premier League Fulham
75%
2020/21 Premier League Fulham
75%
2022/23 League Two Hartlepool
75%
2012/13 League One Hartlepool United
75%
2016/17 League Two Hartlepool United
75%
2018/19 Premier League Huddersfield Town
75%
2023/24 Championship Huddersfield Town
75%
2014/15 Premier League Hull City
75%
2016/17 Premier League Hull City
75%
2019/20 Championship Hull City
75%
2024/25 Premier League Ipswich
75%
2018/19 Championship Ipswich Town
75%
2014/15 League One Leyton Orient
75%
2016/17 League Two Leyton Orient
75%
2024/25 Championship Luton
75%
2023/24 Premier League Luton Town
75%
2016/17 Premier League Middlesbrough
75%
2014/15 Championship Millwall
75%
2015/16 Premier League Newcastle United
75%
2014/15 League One Notts County
75%
2018/19 League Two Notts County
75%
2017/18 League One Oldham Athletic
75%
2021/22 League Two Oldham Athletic
75%
2012/13 Championship Peterborough United
75%
2021/22 Championship Peterborough United
75%
2024/25 Championship Plymouth
75%
2010/11 League One Plymouth Argyle
75%
2018/19 League One Plymouth Argyle
75%
2011/12 Championship Portsmouth
75%
2012/13 League One Portsmouth
75%
2010/11 Championship Preston North End
75%
2012/13 Premier League Queens Park Rangers
75%
2014/15 Premier League Queens Park Rangers
75%
2012/13 Premier League Reading
75%
2022/23 Championship Reading
75%
2011/12 League One Rochdale
75%
2020/21 League One Rochdale
75%
2022/23 League Two Rochdale
75%
2016/17 Championship Rotherham United
75%
2018/19 Championship Rotherham United
75%
2020/21 Championship Rotherham United
75%
2023/24 Championship Rotherham United
75%
2010/11 Championship Scunthorpe United
75%
2012/13 League One Scunthorpe United
75%
2018/19 League One Scunthorpe United
75%
2021/22 League Two Scunthorpe United
75%
2022/23 National League Scunthorpe United
75%
2010/11 Championship Sheffield United
75%
2020/21 Premier League Sheffield United
75%
2023/24 Premier League Sheffield United
75%
2020/21 Championship Sheffield Wednesday
75%
2019/20 League One Southend United
75%
2020/21 League Two Southend United
75%
2024/25 National League South St Albans
75%
2017/18 Premier League Stoke City
75%
2016/17 Premier League Sunderland
75%
2017/18 Championship Sunderland
75%
2017/18 Premier League Swansea City
75%
2010/11 League One Swindon Town
75%
2016/17 League One Swindon Town
75%
2020/21 League One Swindon Town
75%
2013/14 League One Tranmere Rovers
75%
2014/15 League Two Tranmere Rovers
75%
2019/20 League One Tranmere Rovers
75%
2018/19 League One Walsall
75%
2012/13 Premier League Wigan Athletic
75%
2014/15 Championship Wigan Athletic
75%
2016/17 Championship Wigan Athletic
75%
2019/20 Championship Wigan Athletic
75%
2022/23 Championship Wigan Athletic
75%
2013/14 Championship Yeovil Town
75%
2014/15 League One Yeovil Town
75%
2018/19 League Two Yeovil Town
75%
2022/23 National League Yeovil Town
75%
2012/13 League Two Aldershot Town
50%
2024/25 National League South Aveley
50%
2023/24 National League North Banbury United
50%
2012/13 Conference National Barrow
50%
2011/12 Conference National Bath City
50%
2016/17 National League South Bishop's Stortford
50%
2023/24 National League North Bishop's Stortford
50%
2015/16 Championship Charlton Athletic
50%
2019/20 Championship Charlton Athletic
50%
2014/15 League Two Cheltenham Town
50%
2023/24 League One Cheltenham Town
50%
2015/16 League One Colchester United
50%
2011/12 Championship Doncaster Rovers
50%
2013/14 Championship Doncaster Rovers
50%
2015/16 League One Doncaster Rovers
50%
2021/22 League One Doncaster Rovers
50%
2023/24 League One Fleetwood Town
50%
2024/25 National League Fylde
50%
2018/19 National League Gateshead
50%
2021/22 League One Gillingham
50%
2020/21 League Two Grimsby Town
50%
2017/18 National League Guiseley
50%
2021/22 National League North Guiseley
50%
2015/16 National League South Havant & Waterlooville
50%
2018/19 National League Havant & Waterlooville
50%
2023/24 National League South Havant & Waterlooville
50%
2011/12 Conference National Kettering Town
50%
2022/23 National League North Kettering Town
50%
2015/16 National League Kidderminster Harriers
50%
2023/24 National League Kidderminster Harriers
50%
2010/11 League Two Lincoln City
50%
2011/12 League Two Macclesfield Town
50%
2019/20 League Two Macclesfield Town
50%
2024/25 National League Maidenhead
50%
2022/23 League One Morecambe
50%
2024/25 League Two Morecambe
50%
2023/24 National League Oxford City
50%
2024/25 National League North Rushall Olympic
50%
2023/24 League Two Sutton United
50%
2013/14 League Two Torquay United
50%
2017/18 National League Torquay United
50%
2022/23 National League Torquay United
50%
2012/13 Conference South Truro City
50%
2018/19 National League South Truro City
50%
2024/25 National League North Warrington
50%
2010/11 Premier League West Ham United
50%
2021/22 National League Weymouth
50%
2024/25 National League South Weymouth
50%
2017/18 National League Woking
50%
2013/14 Conference North Workington
50%
2015/16 League Two York City
50%
2016/17 National League York City
50%
2022/23 League One Accrington Stanley
25%
2012/13 Conference National AFC Telford United
25%
2014/15 Conference National AFC Telford United
25%
2022/23 National League North AFC Telford United
25%
2014/15 Conference National Alfreton Town
25%
2010/11 Conference National Altrincham
25%
2015/16 National League Altrincham
25%
2016/17 National League North Altrincham
25%
2018/19 National League North Ashton United
25%
2015/16 National League South Basingstoke Town
25%
2011/12 Conference North Blyth Spartans
25%
2023/24 National League North Blyth Spartans
25%
2017/18 National League South Bognor Regis Town
25%
2023/24 National League Boreham Wood
25%
2022/23 National League North Bradford Park Avenue
25%
2016/17 National League Braintree Town
25%
2018/19 National League Braintree Town
25%
2024/25 League One Cambridge
25%
2022/23 National League South Cheshunt
25%
2022/23 National League South Concord Rangers
25%
2011/12 Conference National Darlington
25%
2014/15 Conference National Dartford
25%
2023/24 National League South Dartford
25%
2013/14 Conference South Dorchester Town
25%
2023/24 National League Dorking Wanderers
25%
2021/22 National League Dover Athletic
25%
2023/24 National League South Dover Athletic
25%
2012/13 Conference North Droylsden
25%
2018/19 National League South East Thurrock United
25%
2011/12 Conference North Eastwood Town
25%
2024/25 National League Ebbsfleet
25%
2014/15 Conference South Farnborough
25%
2024/25 National League North Farsley Celtic
25%
2015/16 National League FC Halifax Town
25%
2017/18 National League North Gainsborough Trinity
25%
2023/24 National League North Gloucester City
25%
2011/12 Conference National Hayes & Yeading United
25%
2015/16 National League South Hayes & Yeading United
25%
2015/16 National League North Hednesford Town
25%
2011/12 League Two Hereford United
25%
2013/14 Conference National Hereford United
25%
2022/23 National League South Hungerford Town
25%
2013/14 Conference National Hyde
25%
2014/15 Conference North Hyde
25%
2021/22 National League Kings Lynn Town
25%
2014/15 Conference North Leamington
25%
2022/23 National League North Leamington
25%
2010/11 Conference South Lewes
25%
2015/16 National League North Lowestoft Town
25%
2016/17 National League South Margate
25%
2024/25 National League North Needham Market
25%
2014/15 Conference National Nuneaton
25%
2018/19 National League North Nuneaton
25%
2017/18 National League South Poole Town
25%
2010/11 Conference North Redditch United
25%
2016/17 National League Southport
25%
2010/11 Conference South St Albans City
25%
2016/17 National League North Stalybridge Celtic
25%
2013/14 Conference National Tamworth
25%
2017/18 National League North Tamworth
25%
2023/24 National League South Taunton Town
25%
2013/14 Conference South Tonbridge Angels
25%
2024/25 National League South Welling
25%
2018/19 National League South Weston-super-Mare
25%
2019/20 National League AFC Fylde
0%
2012/13 Conference South AFC Hornchurch
0%
2012/13 Conference South Billericay Town
0%
2021/22 National League South Billericay Town
0%
2019/20 National League Chorley
0%
2014/15 Conference North Colwyn Bay
0%
2012/13 Conference North Corby Town
0%
2015/16 National League North Corby Town
0%
2022/23 National League South Dulwich Hamlet
0%
2010/11 Conference National Eastbourne Borough
0%
2012/13 Conference National Ebbsfleet United
0%
2019/20 National League Ebbsfleet United
0%
2018/19 National League North FC United of Manchester
0%
2016/17 National League South Gosport Borough
0%
2011/12 Conference South Hampton & Richmond Borough
0%
2012/13 Conference North Hinckley United
0%
2010/11 Conference National Histon
0%
2013/14 Conference North Histon
0%
2018/19 National League Maidstone United
0%
2022/23 National League Maidstone United
0%
2016/17 National League North Ferriby United
0%
2017/18 National League North North Ferriby United
0%
2010/11 Conference North Stafford Rangers
0%
2014/15 Conference South Staines Town
0%
2011/12 Conference South Thurrock
0%
2015/16 National League Welling United
0%
2017/18 National League South Whitehawk
0%
2016/17 National League North Worcester City
0%
No matching quizzes found
Score Distribution
Percent of People with Each Score
Percentile by Number Answered
Your Score History
You have not taken this quiz since the last reset